Skoncujeme s nimi! : tragický příběh Varšavského povstání 1944 /
Uloženo v:
| Hlavní autor: | |
|---|---|
| Médium: | Kniha |
| Jazyk: | Czech |
| Vydáno: |
Praha :
Epocha,
2024
|
| Vydání: | Druhé, doplněné vydání |
| Edice: | Magnetka (Epocha)
|
| Témata: | |
| Celkem bylo vypůjčeno: | 4x |
| Tagy: |
Žádné tagy |
| LEADER | 02102nam a2200529 i 4500 | ||
|---|---|---|---|
| 001 | 102674 | ||
| 003 | CZ PrNK | ||
| 005 | 20240925115716.0 | ||
| 007 | ta | ||
| 008 | 240916s2024 xr ace e 000 0 cze | ||
| 015 | |a cnb003631889 | ||
| 020 | |a 9788027801374 |q (vázáno) | ||
| 040 | |a BOA001 |b cze |e rda | ||
| 072 | 7 | |a 94(430/439) |x Dějiny zemí střední Evropy |2 Konspekt |9 8 | |
| 080 | |a 94(438)"1944" |2 MRF | ||
| 080 | |a 94(100)"1939/1945" |2 MRF | ||
| 080 | |a 323.25/.26:329.18 |2 MRF | ||
| 080 | |a 94(438) |2 MRF | ||
| 080 | |a (438) |2 MRF | ||
| 080 | |a (0:82-96) |2 MRF | ||
| 100 | 1 | |a Jenšík, Miloslav, |d 1936- |7 jn19990216085 |4 aut |9 18361 | |
| 245 | 1 | 0 | |a Skoncujeme s nimi! : |b tragický příběh Varšavského povstání 1944 / |c Miloslav Jenšík |
| 250 | |a Druhé, doplněné vydání | ||
| 264 | 1 | |a Praha : |b Epocha, |c 2024 | |
| 300 | |a 168 stran : |b ilustrace, portréty, plány ; |c 21 cm | ||
| 336 | |a text |b txt |2 rdacontent | ||
| 337 | |a bez média |b n |2 rdamedia | ||
| 338 | |a svazek |b nc |2 rdacarrier | ||
| 490 | 1 | |a Magnetka ; |v svazek 20 | |
| 504 | |a Obsahuje bibliografii | ||
| 648 | 7 | |a 1944 |7 ch967320 |2 czenas |9 53192 | |
| 648 | 7 | |a 1939-1945 |7 ch460653 |2 czenas |9 52982 | |
| 650 | 0 | 7 | |a Varšavské povstání (1944 : Varšava, Polsko) |7 ph271433 |2 czenas |
| 650 | 0 | 7 | |a druhá světová válka (1939-1945) |7 ph117270 |z Polsko |2 czenas |
| 650 | 0 | 7 | |a protifašistický odboj |7 ph115901 |y 1939-1945 |z Polsko |2 czenas |
| 650 | 0 | 9 | |a Warsaw uprising (1944 : Warsaw, Poland) |2 eczenas |
| 650 | 0 | 9 | |a World War (1939-1945) |z Poland |2 eczenas |
| 650 | 0 | 9 | |a anti-fascist movements |y 1939-1945 |z Poland |2 eczenas |
| 651 | 7 | |a Varšava (Polsko) |7 ge131241 |x dějiny |y 1939-1945 |2 czenas | |
| 651 | 9 | |a Warsaw (Poland) |x history |y 1939-1945 |2 eczenas | |
| 655 | 7 | |a literatura faktu |7 fd132773 |2 czenas |9 53694 | |
| 655 | 9 | |a non-fiction |2 eczenas | |
| 830 | 0 | |a Magnetka (Epocha) | |
| 910 | |a UOG502 | ||
| 942 | |2 ddc |c KN | ||
| 999 | |d 102674 | ||
| 993 | |0 0 |1 421180103257 |2 ddc |4 0 |6 940_000000000000000 |7 0 |9 94346 |b 0 |c 103257 |d 2024-09-25 |e 4 |f DOSP |g 940 |h 249.00 |i Koupě |l DOSP |m 2 |r 2025-04-15 |s 2025-03-04 |t 5 |w 2024-09-25 |y KN |z NAUCNA |n | ||